00421 a2200145 4500003000400000005001700004008004100021020001700062040000900079082001800088100003300106245009200139260003400231300001000265OSt20240801153619.0231017b |||||||| |||| 00| 0 eng d a978993363925 coclc a892.73bALL/B1 aʻAllūsh, Sundus Maʼmūn aBathth mubāshir = : Live broadcast : majmūʻah qiṣaṣīyahcSundus Mamun Allush aBeiruth:bDarul fikar,c2021. a166 p